| 000 | 00340nam a22001337a 4500 | ||
|---|---|---|---|
| 020 | _qHB. | ||
| 040 | _cFIZZA ISHAQ | ||
| 082 |
_a100 _bTHO |
||
| 100 |
_aWHITE,THOMAS I. _9131958 |
||
| 245 |
_aDiscovering Philosophy / _cTHOMAS I. WHITE. |
||
| 260 |
_aNEW JERSEY: _bPRENTICE HALL, _c1991. |
||
| 300 | _a 510 P. ; INDEX INC | ||
| 942 |
_2ddc _cBK |
||
| 999 |
_c615372 _d615372 |
||